Dlugossiana studia historyczne w pięćsetlecie śmierci Jana Długosza część 2

Podrobná bibliografia
Médium: Kniha
Jazyk:angličtina
Fyzický popis:197 s.
Vydavateľské údaje: Warszawa Państwowe wydawnictwo naukowe 1985
Vydanie:1. vyd.

MARC

LEADER 00000nam a2200000 a 4500
001 vtls008426822
003 SK-MaSNL
005 20260223224846.0
008 060130 000 0 eng
040 |a SNK  |b slo  |c SNK  |e AACR2 
245 1 |a Dlugossiana  |b studia historyczne w pięćsetlecie śmierci Jana Długosza  |n część 2 
250 |a 1. vyd. 
260 |a Warszawa  |b Państwowe wydawnictwo naukowe  |c 1985 
300 |a 197 s. 
999 |c 737439  |d 739369 
952 |a SNK  |b SNK  |y VYP  |7 0  |p 17A0495365  |o snkIC 83834/2  |i snkV 1447/85  |3 rekatalogizácia  |0 0  |1 0  |4 0  |d 2006-01-30  |l 0  |r 2026-02-23 22:48:46  |w 2026-02-23